000 00588nam a2200241Ia 4500
003 OSt
005 20221005124554.0
006 a|||||r|||| 00| 0
007 ta
008 221004b |||||||| |||| 00| 0 mar d
024 _a40367
037 _cTextual
040 _aCRL
_cCRL
_bmar
041 _2mar
_amar
082 _aR65xG70, 155H9.4
100 _aNamdev
_9635448
245 0 _aNamdevdrachi sath gatha
260 _c1949
300 _a108p.
_ccm.
650 _aBHAGAVAD GITA
942 _hR65xG70, 155H9.4
_cTEXL
_2cc
999 _c1050890
_d1050890